书目信息 |
| 题名: |
Vue.js项目开发实战
|
|
| 作者: | 张帆 编著 | |
| 分册: | ||
| 出版信息: | 北京 机械工业出版社 2018.07 |
|
| 页数: | 342页 | |
| 开本: | 24cm | |
| 丛书名: | ||
| 单 册: | ||
| 中图分类: | TP392.092.2 | |
| 科图分类: | ||
| 主题词: | 网页制作工具--程序设计 | |
| 电子资源: | ||
| ISBN: | 978-7-111-60529-4 | |
| 000 | 00698nam0 2200217 450 | |
| 001 | 3749 | |
| 005 | 20181008141344.35 | |
| 010 | @a978-7-111-60529-4@dCNY89.00 | |
| 100 | @a20180913d2018 em y0chiy50 ea | |
| 101 | 0 | @achi |
| 102 | @aCN@b110000 | |
| 105 | @ay z 000yy | |
| 200 | 1 | @aVue.js项目开发实战@9Vue.js xiang mu kai fa shi zhan@f张帆编著 |
| 210 | @a北京@c机械工业出版社@d2018.07 | |
| 215 | @a342页@d24cm | |
| 330 | @a本书以JavaScript语言为基础,以Vue.js项目开发过程为主线,介绍了一整套面向Vue.js的项目开发技术。 | |
| 606 | 0 | @a网页制作工具@x程序设计 |
| 690 | @aTP392.092.2@v5 | |
| 701 | 0 | @a张帆@9zhang fan@4编著 |
| 801 | 0 | @aCN@b91MARC@c20180913 |
| 905 | @aMuseLib@dTP392.092.2@e1562 | |
| Vue.js项目开发实战/张帆编著.-北京:机械工业出版社,2018.07 |
| 342页;24cm |
| ISBN 978-7-111-60529-4:CNY89.00 |
| 本书以JavaScript语言为基础,以Vue.js项目开发过程为主线,介绍了一整套面向Vue.js的项目开发技术。 |
| ● |
| 相关链接 |
|
|
|
|
正题名:Vue.js项目开发实战
索取号:TP392.092.2/1562
 
预约/预借
| 序号 | 登录号 | 条形码 | 馆藏地/架位号 | 状态 | 备注 |
| 1 | 1123537 | 211235377 | 第二样本阅览室/ [索取号:TP392.092.2/1562] | 在馆 | |
| 2 | 1123538 | 211235386 | 第三借阅区/ [索取号:TP392.092.2/1562] | 在馆 | |
| 3 | 1123539 | 211235395 | 第三借阅区/ [索取号:TP392.092.2/1562] | 在馆 | |
| 4 | 1123540 | 211235402 | 第三借阅区/ [索取号:TP392.092.2/1562] | 在馆 | |
| 5 | 1123541 | 211235411 | 第三借阅区/ [索取号:TP392.092.2/1562] | 在馆 |